000 00365 a2200169 4500
001 187620
020 _a85-08-08204-5
040 _cMagnum
100 _aEmburg, Kate
240 1 0 _aA linguagem do amor
_lpor
245 1 0 _aA linguagem do amor
300 _a135
362 0 _a2002
440 1 _aÁtica
697 _aLITERATURA JUVENIL ESTRANGEIRA
942 _cBK
999 _c187620
_d187620